Maloobchodné siete v SR diplomová práca

Gespeichert in:
Bibliographische Detailangaben
1. Verfasser: Strašková, Radka
Körperschaft: Obchodná fakulta EU. Katedra marketingu
Weitere Verfasser: Rehák, Róbert, 1984-
Format: Buch
Sprache:Slowakisch
Veröffentlicht: Bratislava 2012
Tags: Tag hinzufügen
Keine Tags, Fügen Sie das erste Tag hinzu!

MARC

LEADER 00000nbm a2200000 4500
001 0158884
005 20161109102214.7
041 0 |a slo 
044 |a SK 
245 1 0 |a Maloobchodné siete v SR  |b diplomová práca  |c Radka Strašková ; školiteľ: Róbert Rehák 
264 1 |a Bratislava  |c 2012 
300 |a 75 s. 
100 1 |a Strašková, Radka 
700 1 |a Rehák, Róbert, 1984- 
710 2 |a Obchodná fakulta EU. Katedra marketingu